000
00188 a2200097 4500
020
_a
9780553579901
041
_a
eng
100
_a
Martin, George
245
_a
A clash of kings
942
_c
BK
999
_c
29953
_d
29951